|
|
|
|
| LEADER |
00000cam a2200000 7i4500 |
| 001 |
0000001578 |
| 005 |
20220105103922.0 |
| 008 |
070706 |
| 020 |
|
|
|a 983128156X
|
| 090 |
0 |
0 |
|a JP
|b ENG (1664)
|
| 100 |
1 |
|
|a Airich, Rinz
|
| 245 |
1 |
0 |
|a Gulliver in lilliput
|c Rinz Airich
|
| 260 |
|
|
|a Kuala Lumpur :
|b Dilto Book Centre ,
|c 2004
|
| 440 |
|
|
|a My english stories
|
| 500 |
|
|
|a Children age 4-6 years old (yellow)
|
| 650 |
|
0 |
|a Junior fiction
|
| 999 |
|
|
|a 0000962185
|b Book
|c Children Collection
|e Perbadanan Perpustakaan Awam Johor
|
| 999 |
|
|
|a 0000962186
|b Book
|c Children Collection
|e Perbadanan Perpustakaan Awam Johor
|
| 999 |
|
|
|a 0000962188
|b Book
|c Children Collection
|e Cawangan Kota Tinggi
|
| 999 |
|
|
|a 0000962189
|b Book
|c Children Collection
|e Cawangan Bandar Penawar
|
| 999 |
|
|
|a 0000966351
|b Book
|c Children Collection
|e Cawangan Segamat
|
| 999 |
|
|
|a 0000966352
|b Book
|c Children Collection
|e Cawangan Mersing
|
| 999 |
|
|
|a 0000966353
|b Book
|c Children Collection
|e Cawangan Taman Universiti
|
| 999 |
|
|
|a 0001042620
|b Book
|c Children Collection
|e Cawangan Segamat
|
| 999 |
|
|
|a 0001042621
|b Book
|c Children Collection
|e Cawangan Bandar Penawar
|